• 首页
  • 本馆介绍
  • 公告通知
  • 最新文献
  • 馆藏检索
  • 电子资源
  • 读者导购
  • 参考咨询
  • 我的图书馆
  • 登录
  • 详细信息显示
  • 放入我的书架
  • 预约/预借图书
  • 作者相关作品
  • 分类相关作品
  • 丛书相关作品
  • 出版社相关作品

书目信息

  • 表格格式
  • 工作单格式
  • 卡片格式
题名:
海上保险实务
    
 
作者: 冯芳怡 主编
分册:  
出版信息: 北京   中国金融出版社  2009
页数: 208页
开本: 23cm
丛书名:
单 册:
中图分类: F840.63
科图分类:
主题词: 海上运输保险--高等学校--教材 , 海上运输保险
电子资源:
ISBN: 978-7-5049-5004-8
000 00962nam0 2200241 45
005 20100303111611.07
010    @a978-7-5049-5004-8@dCNY22.00
100    @a20100120d2009 em y0chiy50 ea
101 0  @achi
102    @aCN@b110000
105    @ay z 000yy
106    @ar
200 1  @a海上保险实务@AHai Shang Bao Xian Shi Wu@f冯芳怡主编@FFeng Fang Yi Zhu Bian
210    @a北京@c中国金融出版社@d2009
215    @a208页@d23cm
300    @a国家示范性高职院校重点建设教材 保险专业群核心课程教材
330    @a本教材包括海上货运险投保、承保、理赔、追偿、船舶险投保、承保、理赔等七个学习项目,这些学习项目是以业务流程为线索来设计的,通过典型服务来引领海上保险的各个操作环节,使读者能够了解海上保险的基本原则、基本法律规定、承保和理赔的相关知识与技能。
606 0  @a海上运输保险@x高等学校@j教材
606 0  @a海上运输保险
690    @aF840.63@v4
701  0 @a冯芳怡@AFeng Fang Yi@4主编
801  0 @aCN@bTANGWEI@c20100303
905    @b0584214-18@dF840.63@e53@f5
    
    海上保险实务/冯芳怡主编.-北京:中国金融出版社,2009
    208页;23cm
    国家示范性高职院校重点建设教材 保险专业群核心课程教材
    
    ISBN 978-7-5049-5004-8:CNY22.00
    本教材包括海上货运险投保、承保、理赔、追偿、船舶险投保、承保、理赔等七个学习项目,这些学习项目是以业务流程为线索来设计的,通过典型服务来引领海上保险的各个操作环节,使读者能够了解海上保险的基本原则、基本法律规定、承保和理赔的相关知识与技能。
●
相关链接 在E读中查询图书 在五车中查询图书 在当当中查询图书 在豆瓣中查询图书


正题名:海上保险实务     索取号:F840.63/53         预约/预借

序号 登录号 条形码 馆藏地/架位号 状态 备注
1 0584214   205842141   第一样本阅览室/ [索取号:F840.63/53] 在馆    
2 0584215   205842150   第一借阅区/ [索取号:F840.63/53] 在馆    
3 0584216   205842169   第一借阅区/ [索取号:F840.63/53] 在馆    
4 0584217   205842178   第一借阅区/ [索取号:F840.63/53] 在馆    
5 0584218   205842187   密集书库-海洋学院/ [索取号:F840.63/53] 在馆    
唐山师范学院图书馆 欢迎您!
大连网信软件有限公司© 版权所有